|
|
|
|
| LEADER |
00000nam0a2200000 4500 |
| 001 |
53983 |
| 005 |
20231031050116.0 |
| 010 |
|
|
|a 520000604X
|
| 035 |
|
|
|a (RuTPU)RU\TPU\book\56581
|
| 090 |
|
|
|a 53983
|
| 100 |
|
|
|a 20030627d1998 m y0rusy50 ca
|
| 101 |
0 |
|
|a cze
|a rus
|
| 102 |
|
|
|a RU
|
| 105 |
|
|
|a y e 000zy
|
| 200 |
1 |
|
|a Русско-чешский и чешско-русский словарь
|f Я. Бездек
|
| 210 |
|
|
|a Москва
|c Русский язык
|d 1998
|
| 215 |
|
|
|a 544 с.
|
| 610 |
1 |
|
|a чешский язык
|
| 610 |
1 |
|
|a русский язык
|
| 610 |
1 |
|
|a лексика
|
| 610 |
1 |
|
|a словари
|
| 610 |
1 |
|
|a параллельные словари
|
| 686 |
|
|
|a Ш141.5-4
|v LBC/SL-A
|2 rubbk
|
| 700 |
|
1 |
|a Бездек
|b Я.
|g Ярослав
|
| 801 |
|
1 |
|a RU
|b 63413507
|c 20030627
|g PSBO
|
| 801 |
|
2 |
|a RU
|b 63413507
|c 20060214
|g PSBO
|
| 942 |
|
|
|c BK
|